000 00257nam a2200097Ia 4500
008 240331s9999 xx 000 0 und d
082 _bKUR
100 _aKurien, C.T
245 0 _aDynamics of rural transformation :
_ba study of Tamil Nadu 1950-19810
942 _cL
999 _c2734
_d2734